Statistics for MLB: Silver Sluggers-First Base

Click here to take the quiz!

General Stats

  • This quiz has been taken 98 times
  • The average score is 17 of 42

Answer Stats

YearPlayer% Correct
2010, 2009, 2008, 2004Albert Pujols
86%
2020, 2019Freddie Freeman
75%
1994, 1993Frank Thomas
69%
1998, 1996, 1992Mark McGwire
63%
1997Tino Martinez
63%
2020, 2018, 2014Jose Abreu
60%
2018, 2017, 2015, 2013Paul Goldschmidt
57%
2006Ryan Howard
57%
2016, 2015, 2010Miguel Cabrera
56%
1991, 1990Cecil Fielder
53%
2002, 2001Jason Giambi
53%
1999, 1997, 1994Jeff Bagwell
53%
2012, 2011, 2007Prince Fielder
53%
2009, 2005, 2004Mark Teixeira
51%
2016Anthony Rizzo
47%
2013Chris Davis
47%
1986Glenn Davis
47%
1987, 1986, 1985Don Mattingly
46%
1993, 1992, 1989Fred McGriff
43%
2014Adrian Gonzalez
42%
2011Adrian Gonzalez
42%
1984, 1980Keith Hernandez
40%
1987, 1985Jack Clark
39%
1991, 1989Will Clark
39%
2017Eric Hosmer
38%
1998Rafael Palmeiro
38%
2003, 2002, 2001, 2000Todd Helton
38%
2003, 2000, 1999Carlos Delgado
35%
2005Derrek Lee
35%
2008, 2006Justin Morneau
35%
1995Mo Vaughn
35%
1990, 1984, 1983Eddie Murray
32%
1996, 1988Andres Galarraga
28%
1988George Brett
24%
1981Pete Rose
24%
1982, 1981, 1980Cecil Cooper
21%
2007Carlos Pena
19%
2019Carlos Santana
19%
1995Eric Karros
17%
2012Adam LaRoche
11%
1982Al Oliver
8%
1983George Hendrick
3%

Score Distribution

Percentile by Number Answered

Percent of People with Each Score

Your Score History

You have not taken this quiz